000 00617nam a2200277Ia 4500
005 20260324150224.0
008 008 260324s9999 xx 000 0 eng d
020 _a9781003283225
037 _aEBOOK
040 _aCRL
040 _beng
040 _cCRL
041 _2eng
041 _aeng
084 _qCRL
100 _aRalph Turvey
_9999079
245 0 _aDemand and Supply
260 _bTaylor and Francis
260 _c1971
365 _a
365 _b150
856 _uhttp://www.taylorfrancis.com/books/9781003283225
942 _cEBOOK
999 _c1834762
_d1834762